01014nam a22002055i 4500001000700000003000900007005001700016008004100033080001700074100004400091245020100135260014900336300003900485500002700524650003100551710003600582852004200618999001900660952012900679178732ES-MaACL20230906220607.0110613s1974 sp o |||| | spa d a617.7-001.171 aRibas Montobbio, Juan Bautista.914717910aTratamiento de las quemaduras químicas corneo-conjuntivales b: estudio experimental / cresumen de la tesis presentada para aspirar al grado de doctor en medicina por Juan Bta. Ribas Montobbio. aBarcelona : bUniversidad de Barcelona, Secretariado de Publicaciones, Intercambio Científico y Extensión Universitaria : b[Ivern], c1974. a33 p. : bfot. bl. y n. ; c24 cm. aCub. tomada como port. 4aOjos-xQuemaduras.91471802 aUniversidad de Barcelona.97141 aES-MaACLjE-15361 (135) xOlim P-1374 c178732d178732 00104070aATENEOMbATENEOMcDEPO2d2011-06-13eDONl0oE-15361 (135)p1187744r2023-02-23 00:00:00w2023-02-23yMONOGRAFIA